000 00636nam a2200265Ia 4500
005 20260121161405.0
008 008 260114s9999 xx 000 0 eng d
020 _a9781003400219
037 _aEBOOK
040 _aCRL
040 _beng
040 _cCRL
041 _2eng
041 _aeng
084 _qCRL
100 _aRegional Sufi Centres in India
_91044024
245 0 _aNasir Raza Khan
260 _bTaylor and Francis
260 _c2023
650 _aAsian Studies
_91044025
856 _uhttp://www.taylorfrancis.com/books/9781003400219
942 _cEBOOK
999 _c1610418
_d1610418